• 首页
  • 本馆介绍
  • 公告通知
  • 最新文献
  • 馆藏检索
  • 电子资源
  • 读者导购
  • 参考咨询
  • 我的图书馆
  • 登录
  • 详细信息显示
  • 放入我的书架
  • 预约/预借图书
  • 作者相关作品
  • 分类相关作品
  • 丛书相关作品
  • 出版社相关作品

书目信息

  • 表格格式
  • 工作单格式
  • 卡片格式
题名:
魔法数学
    
 
作者: 白丁 编著
分册:  
出版信息: 北京   现代出版社  2004
页数: 235页
开本: 20cm
丛书名:
单 册:
中图分类: O1-44
科图分类:
主题词: 数学--习题
电子资源:
ISBN: 7-80188-177-X
000 00837nam0 2200253 450-
001 0101320598
005 20061205132741.0
010    @a7-80188-177-X@dCNY18.00
011    @a7-80188-177-X
100    @a20060803d2004 em y0chiy0120 ea
101 0  @achi
102    @aCN@b110000
105    @aa z 000yy
106    @ar
200 1  @a魔法数学@9Mo Fa Shu;Shuo Xue @f白丁编著@b专著@dMath magic@zeng
210    @a北京@c现代出版社@d2004
215    @a235页@c图@d20cm
330    @a全球流行50多年的思维训练工具,近百个游戏和迷题,让数学变得更有趣!至少流行了半个多世纪的趣味数学题,从古希腊、古印度到现代,上百个有趣的数学秘题和富有挑战性的游戏。
510 1  @aMath magic@zeng
606 0  @a数学@x习题
690    @aO1-44@v4
701  0 @a白丁@c(智力游戏)@4编著@9bai ding
801  0 @aCN@bAZmarc@c20230901
905    @aBZT@dO1@e109@f1@sO1/109
    
    魔法数学/白丁编著=Math magic.-北京:现代出版社,2004
    235页:图;20cm
    
    
    ISBN 7-80188-177-X:CNY18.00
    全球流行50多年的思维训练工具,近百个游戏和迷题,让数学变得更有趣!至少流行了半个多世纪的趣味数学题,从古希腊、古印度到现代,上百个有趣的数学秘题和富有挑战性的游戏。
●
相关链接 在五车中查询图书 在当当中查询图书 在豆瓣中查询图书


正题名:魔法数学     索取号:O1/109         预约/预借

序号 登录号 条形码 馆藏地/架位号 状态 备注
1 2000155489   2000155489   旧书回溯/ [索取号:O1/109] 在馆    
山东省滨州职业学院图书馆 欢迎您!
大连网信软件有限公司© 版权所有